01783nam a2200289 i 450000100060000000300090000600500170001500700030003200800410003502000180007608000220009424501520011625000120026826000370028030000220031749000550033950506000039459401570099465000310115170000270118270000320120970000280124183000630126985200220133299900170135495201220137114972ES-MaACL20230906150942.0t|991123s1998 sp ||||1| spa d a84-7658-527-6 a5/6(091)"17"(063)00aDespues de Newton : bciencia y sociedad durante la primera revolución industrial / cAlberto Elena, Javier Ordóñez, Mariano Colubi (comps.). a1ª ed. aBarcelona : bAnthropos, c1998. a206 p. ; c20 cm.1 aTecnología, ciencia, naturaleza y sociedad ; v98 aContiene: De la revolución científica a la revolución industrial . La marcha triunfal de un paradigma . La herencia newtoniana en la economía política del siglo XVIII . La fabricación de instrumentos científicos en la era industrial . El nacimiento y desarrollo de los conceptos de trabajo y energía en el contexto de la mecánica práctica durante la primera revolución industrial . Ciencia y sociedad en Baviera, 1750-1850 . La ciencia bajo la Revolución francesa . Las academias provinciales y la supervivencia cultural en la Francia revolucionaria y post-revolucionaria aRecoge, con ligeras modificaciones, las conferencias pronunciadas en un simposio internacional de historia de la ciencia, celebrado en noviembre de 1988 4aCiencia-vHistoria.9109541 aElena, Alberto.9469271 aOrdóñez, Javier.9871871 aColubi, Mariano.9399071 aTecnología, ciencia, naturaleza y sociedad ; v991781874 aES-MaACLjL-22237 c14972d14972 00104070aATENEOMbATENEOMcDEPO2d2008-01-17eSCl0oL-22237p1015223r2023-02-23 00:00:00w2023-02-23yMONOGRAFIA